Statistics for Non-Bordering Countries Closest to Brazil

Click here to take the quiz!

General Stats

  • This quiz has been taken 1,074 times
  • The average score is 16 of 20

Answer Stats

kmcountrymiles% Correct
721Chile448
97%
1070Panama665
96%
487Ecuador303
95%
1613Costa Rica1002
91%
542Trinidad and Tobago337
90%
1113Dominica692
88%
1836Nicaragua1140
88%
1708Haiti1062
86%
1337St Kitts and Nevis831
85%
944St Lucia587
84%
879Barbados546
83%
1594Dominican Republic990
83%
2081Honduras1293
83%
1933Jamaica1201
83%
823St Vincent and the Grenadines511
82%
1316Antigua and Barbuda817
80%
762Grenada473
80%
1064Aruba661
42%
968Curaçao601
36%
1445Sint Maarten898
22%

Score Distribution

Percentile by Number Answered

Percent of People with Each Score

Your Score History

You have not taken this quiz